[Event "42nd Arco Festival 2020"]
[Site "Arco"]
[Date "2020.10.17"]
[Round "8.12"]
[White "Decker, Nils"]
[Black "Urh, Zala"]
[Result "1/2-1/2"]
[WhiteElo "2080"]
[BlackElo "2195"]
[Annotator "TA"]
[PlyCount "99"]
[EventDate "2020.10.10"]
[EventType "swiss"]
[EventCountry "ITA"]
[SourceTitle "playchess.com"]
[Source "ChessBase"]
[SourceQuality "1"]

{[%evp 9,99,0,12,0,0,0,0,-13,18,9,16,-36,-45,-50,0,0,0,0,0,-38,-33,-36,-54,-55,-39,-100,-33,-64,-20,-32,-38,-102,0,0,50,46,58,53,71,62,62,63,75,70,170,167,186,193,198,201,112,8,8,1,1,0,0,0,0,0,0,0,0,0,0,0,0,0,0,0,0,-8,-8,-8,0,0,0,0,0,0,0,0,0,-8,-8,-10,0,0,0,-8,0,-10]} 1. e4 c5 2. Nc3 Nc6 3. Bb5 Nd4 4. Nf3 a6 5. Bc4 e6 6. a4 {B30: Sicilian: 2...Nc6 3 Bb5, lines without ...g6.} Nf6 7. d3 d5 8. Ba2 Nxf3+ (8... Nc6 {is interesting.} 9. O-O Be7 10. Bg5 d4 11. Ne2 O-O) 9. Qxf3 {[%cal Re4d5]} d4 10. e5 (10. Nb1 $11) 10... dxc3 $15 11. exf6 Qxf6 (11... Bd7 {with more complications.} 12. O-O h5 13. bxc3 Bc6 14. Qe3 Qxf6 15. Bd2 h4) 12. Qxf6 gxf6 13. bxc3 {[#]} Bd7 $146 ({Predecessor:} 13... Rg8 14. O-O Bd7 {½-½ (14) Relea,N (2196)-Diaz,M (2223) France 2009}) 14. Bc4 Bc6 $36 {[%mdl 2048] Black has the initiative.} 15. f3 Bd6 16. Be3 Ke7 17. d4 (17. O-O $15) 17... Rhg8 ({Black should try} 17... b5 $1 $17 {And now ...cxd4 would win.} 18. Bd3 cxd4 19. cxd4 bxa4) 18. Kf2 Rg7 19. g3 h5 20. Rhg1 (20. Rab1 $15) 20... Rh8 ({Better is} 20... cxd4 $17 21. cxd4 h4 $1 {[%mdl 512]}) 21. h4 $11 e5 (21... Rhg8 $5 22. f4 $8 cxd4 23. Bxd4 Be4 $11) 22. dxe5 fxe5 23. Rad1 Bxa4 24. Bg5+ Rxg5 $1 25. hxg5 Bxc2 26. Rd2 Bf5 {[#]} (26... Bg6 $14) 27. Bxf7 $1 $18 {[%mdl 512]} c4 (27... Kxf7 28. Rxd6) 28. Rxd6 Kxd6 {[%mdl 4096] Endgame KRB-KRB} 29. g6 Rc8 {[#]} (29... Rb8 $18) 30. Rh1 (30. g4 $1 $16 {[%cal Rg4f5]} hxg4 31. g7) 30... Be6 $1 $11 {The position is equal.} 31. Bxe6 Kxe6 32. Rxh5 {KR-KR} Kf6 33. Rh7 Rb8 $1 34. Rc7 Kxg6 35. Rxc4 Kf6 36. Ke3 a5 {[%cal Ba6a5,Ba5a4,Ba4a3,Ba3a2][%mdl 32]} 37. Ke4 Ra8 38. Kd5 a4 39. Rb4 a3 40. Rb6+ Kf5 (40... Kg5 $5 41. Rb1 $8 Kf5 $15) 41. Rb1 $1 a2 42. Ra1 Rd8+ 43. Kc4 Rd2 44. Kb3 Rf2 (44... Rd3 {feels hotter.} 45. Rxa2 Rxf3 46. Ra7 b6 47. Rb7 e4) 45. Rxa2 Rxf3 46. Rg2 e4 {Strongly threatening ...e3.} 47. Kc2 Rd3 48. Rf2+ Ke5 49. Rg2 Rd7 {Threatens to win with ...e3.} 50. Re2 {Av CentiPawn Loss W=-10/B=-9. Weighted=-10/-15} 1/2-1/2

[Event "42nd Arco Festival 2020"]
[Site "Arco"]
[Date "2020.10.17"]
[Round "8.13"]
[White "Voltolini, Giuseppe"]
[Black "Lohia, Sohum"]
[Result "1/2-1/2"]
[WhiteElo "2120"]
[BlackElo "1967"]
[Annotator "TA"]
[PlyCount "148"]
[EventDate "2020.10.10"]
[EventType "swiss"]
[EventCountry "ITA"]
[SourceTitle "playchess.com"]
[Source "ChessBase"]
[SourceQuality "1"]

{[%evp 9,148,8,0,-42,-42,-38,-33,-28,-14,-21,-23,-17,13,12,152,149,143,147,139,135,197,161,205,197,198,102,104,103,98,98,98,97,97,26,45,32,41,33,29,52,34,47,69,66,81,52,130,54,164,151,164,157,149,52,70,70,112,47,69,22,95,16,7,0,60,59,52,0,0,0,79,52,57,0,54,52,706,701,662,678,666,649,1140,1165,1246,1079,1181,1166,1088,997,1337,1329,1226,692,1471,1493,1489,1416,1367,1420,1531,1422,1483,1437,1394,576,576,576,576,576,330,0,0,0,0,0,0,0,0,0,0,0,0,0,0,0,0,0,0,0,0,0,0,0,0,0,0,0,0,0,0]} 1. d4 Nf6 2. c4 b6 3. f3 Nc6 4. d5 Ne5 5. e4 e6 {[#]} 6. Bg5 $146 {A50: Queen's Fianchetto Defence (1 d4 Nf6 2 c4 b6).} ({Predecessor:} 6. f4 Ng6 7. e5 Ne4 8. Nf3 Bc5 9. Qc2 f5 10. Bd3 Nf2 11. Rf1 Nxd3+ 12. Qxd3 {1-0 (36) Stany,G (2522)-Grachev,B (2612) chess.com INT 2020}) 6... h6 7. Bf4 Ng6 8. Be3 {Black is slightly better.} Bc5 (8... Bb4+ {looks sharper.} 9. Nc3 O-O 10. Qb3 Qe7 11. O-O-O c6) 9. Bxc5 bxc5 10. Nc3 Bb7 11. Nh3 c6 (11... O-O $11) 12. d6 $1 $16 e5 13. Qd2 Qa5 14. b3 O-O (14... Nf8 $16) 15. Na4 Qxd2+ 16. Kxd2 Ne8 17. Nxc5 (17. Kc3 $18) 17... Nxd6 18. Kc2 Bc8 19. Rd1 Nb7 20. Nxb7 (20. Nxd7 $2 Rd8 $17) 20... Bxb7 21. g3 (21. Rxd7 $16 Bc8 22. Rd6) 21... Rfd8 22. c5 Nf8 23. Bc4 a5 24. f4 $36 {[%mdl 2048] White fights for an advantage.} exf4 25. gxf4 Ne6 26. Bxe6 $1 dxe6 27. Rd6 Kf8 (27... a4 $14) 28. e5 (28. Nf2 $16) 28... g6 (28... Rdb8 $14) 29. Nf2 $18 Ba6 {[#]} 30. Re1 $1 a4 31. Ng4 ({Resist} 31. bxa4 $6 Bc4 $14) (31. Rxc6 $6 Rd4 $14) (31. b4 $16) 31... axb3+ $14 32. axb3 h5 33. Nf2 (33. Nf6 $16) 33... Bb5 34. Kb2 (34. Kc3 {seems wilder.} Rdb8 35. Ne4 Ra2 36. Rd7 Kg8 37. h3) 34... Ke7 (34... Rdb8 $11 {remains equal.}) 35. Ra1 ({White should try} 35. Ne4 $16) 35... Rxa1 $11 36. Kxa1 {[%mdl 4096] Endgame KRB-KRN} Rc8 (36... Rb8 $1 $11) 37. Ne4 Be2 38. Nc3 (38. Nf6 $14) 38... Bf3 39. Na4 Bd5 (39... f6 $11 {keeps the balance.}) 40. Kb2 Rc7 41. h4 (41. Nb6 $14) 41... Ke8 ({Better is} 41... f6 $11) 42. Nb6 $14 Ke7 $2 {[%mdl 8192]} (42... Bf3 $14) 43. Nxd5+ $18 exd5 {KR-KR} 44. Kc3 Rc8 45. b4 Rc7 {[#]} 46. b5 $1 {[%mdl 512]} cxb5 47. Kb4 Rd7 48. Kxb5 Rb7+ 49. Rb6 Ra7 50. c6 Ra1 51. Rb7+ Ke6 52. Rd7 Rb1+ 53. Kc5 Rc1+ {[#]} 54. Kb6 $1 Rb1+ 55. Ka7 Rc1 56. Kb7 Rb1+ 57. Kc7 (57. Kc8 $142 {c7 is the strong threat.} Rb4 58. c7 Rxf4 59. Rd6+ Ke7 60. Kb7 Rb4+ 61. Rb6) 57... Rb4 58. Rd6+ Ke7 59. Rxd5 Rxf4 60. Rb5 $2 ({White should play} 60. Rd7+ $18 Ke8 61. Kb6 Rxh4 62. Rd6 Rb4+ 63. Kc5) 60... Rxh4 $11 {The position is equal.} 61. Kb7 Rc4 62. c7 h4 ({Don't play} 62... Kd7 $6 63. Rd5+ Ke6 64. Rd6+ Kxe5 65. Rc6 $16) 63. Rb6 Rxc7+ 64. Kxc7 {KR-K3P} h3 65. Rb3 Ke6 66. Rxh3 {Strongly threatening Re3.} Kxe5 {KR-KPP} 67. Kc6 {Threatens to win with Kc5.} g5 68. Kc5 {Hoping for Re3+.} g4 69. Rh1 g3 70. Re1+ Kf4 71. Rf1+ Ke3 72. Rxf7 g2 73. Rg7 Kf2 74. Rxg2+ Kxg2 {Black defended with fortune. Av CentiPawn Loss W=-42/B=-41. Weighted=-36/-33} 1/2-1/2

[Event "42nd Arco Festival 2020"]
[Site "Arco"]
[Date "2020.10.17"]
[Round "8.15"]
[White "Fuochi, Tommaso"]
[Black "De Santis, Alessio"]
[Result "1/2-1/2"]
[WhiteElo "1992"]
[BlackElo "2223"]
[Annotator "ChessBase"]
[PlyCount "22"]
[EventDate "2020.10.10"]
[EventType "swiss"]
[EventCountry "ITA"]
[SourceTitle "playchess.com"]
[Source "ChessBase"]
[SourceQuality "1"]
[TimeControl "40/5400+30:1800+30"]

1. c4 b6 2. e4 Bb7 3. Nc3 c5 4. Nge2 g6 5. g3 Bg7 6. Bg2 Nc6 7. d3 d6 8. O-O h5 9. h3 Qd7 10. a3 e6 11. Rb1 Nge7 1/2-1/2

[Event "42nd Arco Festival 2020"]
[Site "Arco"]
[Date "2020.10.17"]
[Round "8.16"]
[White "Trabattoni, Franco"]
[Black "Poschadel, Andreas Gregor"]
[Result "1-0"]
[WhiteElo "2246"]
[BlackElo "1946"]
[Annotator "TA"]
[PlyCount "149"]
[EventDate "2020.10.10"]
[EventType "swiss"]
[EventCountry "ITA"]
[SourceTitle "playchess.com"]
[Source "ChessBase"]
[SourceQuality "1"]

{[%evp 9,149,34,36,0,0,0,0,0,-4,-32,-31,-40,0,-11,-1,-12,-10,-13,0,-16,0,-19,0,0,-14,-26,0,0,0,5,43,38,56,42,45,44,43,45,61,45,49,47,142,131,154,151,155,112,113,128,120,74,192,200,193,188,307,308,291,285,275,182,216,145,279,95,102,102,108,68,73,73,110,107,107,10,110,109,320,319,337,334,327,316,317,165,179,168,235,222,589,559,539,508,596,588,591,578,600,597,1193,1147,2396,2102,1676,1560,6467,5177,5017,2144,1450,1439,1369,1354,29965,29968,29968,29965,5683,9806,29979,6485,29980,29981,29980,29978,29977,29978,29977,29970,29970,29975,29980,29980,29981,29981,29982,29983,29986,29984,29984,29985]} 1. d4 Nf6 2. Nf3 g6 3. Bg5 Ne4 4. Bf4 Bg7 5. e3 d5 6. Bd3 {A48: 1 d4 Nf6 2 Nf3 g6: Torre, London and Colle Systems.} Bf5 7. O-O O-O 8. Nbd2 {[#] The position is equal.} c5 $146 ({Predecessor:} 8... Nd7 9. Nh4 e6 10. Nxf5 exf5 11. Nxe4 fxe4 12. Be2 c5 13. Bd6 Re8 14. dxc5 Nf6 15. c4 Bf8 16. Bxf8 Kxf8 17. cxd5 Nxd5 {1-0 (52) Baldwin,T (1319)-Wilkie,M (1281) Canberra 2006}) 9. Qc1 Nc6 {[%cal Rc5d4]} 10. c3 cxd4 11. exd4 Ng3 {aiming for ...Nh5.} 12. Bxg3 {Hoping for Bxf5.} Bxd3 13. Re1 Rc8 {White should prevent ...Nb4!} 14. Qd1 Qb6 15. Qb3 e6 16. Ne5 Nxe5 17. Bxe5 Rc6 18. Bxg7 Kxg7 19. Nf3 Bc4 20. Qc2 Qa6 21. Ne5 {Strongly threatening b3.} Rc7 22. Qd2 f6 23. Ng4 Bd3 24. Qh6+ Kg8 25. Qf4 Rc6 (25... Re7 $14) 26. Re3 $1 $16 Bf5 27. Nh6+ Kh8 28. Nxf5 gxf5 29. Qh6 $40 {[%cal Rh6f8][%mdl 128] White has strong attack.} Rf7 30. Qh5 Rcc7 (30... Re7 $16) 31. Rae1 $18 Rce7 32. Qe2 Qxa2 (32... Qxe2 {is a better defense.} 33. R3xe2 Kg7 34. Rxe6 Rxe6 35. Rxe6 Rd7) 33. Rxe6 Rxe6 34. Qxe6 {[%mdl 4160] Endgame Double Attack. KQR-KQR} Kg7 35. Qe2 ({Don't do} 35. Qxf5 $6 Qxb2 36. Qg4+ (36. Qxd5 Qxc3 37. Qe4 b5 $14) 36... Kf8 $18) 35... Kg6 36. h3 h5 (36... Qa4 $16 37. Qf3 Qd7 38. Qg3+ Kh5) 37. Kh2 $2 (37. Qe8 $18 {Re7! would kill now.} Qxb2 38. g4 $1 {[%mdl 512]} hxg4 39. hxg4) 37... Qa5 38. Qe3 (38. Kg3 {keeps more tension.} Qc7+ 39. Kf3 Qd7 40. Qe8 b5 41. Qg8+) 38... Qc7+ 39. Qg3+ Qxg3+ 40. Kxg3 $14 {KR-KR} Rd7 41. h4 Rd6 42. Kf4 (42. Re8 $16) 42... Rb6 {[#]} (42... a5 $1 $11 {remains equal.}) 43. b4 $1 $16 Rc6 $2 {A mistake that costs the game.} (43... Ra6 $16) 44. Re3 $18 a6 45. Rg3+ Kf7 46. Kxf5 b6 {and the idea ...a5 leaves Black hopeful.} 47. b5 (47. Rg6 $142) 47... axb5 48. Rg6 Rxc3 (48... Ke7 {was necessary.} 49. f4 Rxc3) 49. Rxf6+ {[%mdl 64] Double Attack} Kg7 $2 (49... Ke7 50. Rxb6 Rc2) 50. Rg6+ Kf7 51. Rxb6 Rc2 52. Rb7+ Kf8 53. f3 Rxg2 54. Rxb5 Rg3 55. Rxd5 Rxf3+ {[#]} 56. Ke4 $1 Rh3 57. Rxh5 Kg7 58. Ke5 Kg6 59. Rg5+ (59. Rf5 $142 Rxh4 60. d5) 59... Kf7 60. Rg4 Ke7 61. Rg7+ Kd8 62. Rh7 Rh1 63. d5 Rh2 64. Kd6 {[%cal Rh7h8]} Kc8 65. Rh8+ Kb7 66. h5 {White mates.} Rh1 67. Kd7 Kb6 68. d6 Kc5 69. h6 Kd5 70. Rg8 Rxh6 71. Rg5+ Kc4 72. Kc7 Rh7+ 73. d7 Kb4 74. Kc8 Rh8+ 75. d8=Q {Av CentiPawn Loss W=8/B=267. Weighted=21/224} 1-0

[Event "42nd Arco Festival 2020"]
[Site "Arco"]
[Date "2020.10.17"]
[Round "8.17"]
[White "Felgendreher, Heiko"]
[Black "Altieri, Danilo Mario"]
[Result "1-0"]
[WhiteElo "2230"]
[BlackElo "1939"]
[Annotator "TA"]
[PlyCount "82"]
[EventDate "2020.10.10"]
[EventType "swiss"]
[EventCountry "ITA"]
[SourceTitle "playchess.com"]
[Source "ChessBase"]
[SourceQuality "1"]

{[%evp 9,82,48,55,61,59,43,58,-28,-37,-41,-29,-37,-29,-31,-12,-30,-30,-30,-30,-30,-30,-30,-26,-41,-35,-41,-40,-34,18,27,27,15,61,58,69,0,0,0,42,-7,57,48,110,110,99,102,95,102,82,84,102,94,103,87,91,97,99,45,61,0,0,0,0,0,117,121,110,108,253,251,247,241,153,70,177]} 1. e4 g6 2. d4 Bg7 3. Nc3 c6 4. f4 d5 5. e5 Nh6 6. Be3 {B15: Caro-Kann: 3 Nc3: 3...g6 and 3...dxe4 4 Nxe4 Nf6 5 Nxf6+ exf6.} f6 7. Nf3 O-O 8. exf6 (8. Qd2 $14) 8... exf6 $11 9. Qd2 Nf5 10. O-O-O {[#]} Qc7 $146 ({Predecessor:} 10... b5 11. Bf2 Nd7 12. g4 Nd6 13. Bd3 Nb6 14. f5 b4 15. Ne2 Ne4 16. Bxe4 dxe4 {0-1 (45) Warakomska,A (2233)-Harika,D (2494) Wroclaw 2018}) 11. Bd3 Re8 12. Bf2 Bh6 13. g3 Nd6 {Strongly threatening ...Bg4.} 14. Rde1 Rxe1+ 15. Rxe1 Bg4 16. Nh4 Nd7 {[#]} 17. h3 $1 {[%mdl 512]} Bxh3 18. Rh1 Be6 ({Black should try} 18... Bg4 $15) 19. Nxg6 hxg6 20. Rxh6 {Threatens to win with g4.} Bf5 21. g4 $36 {[%mdl 2048] White has the initiative.} Kg7 22. Rh4 ({Much worse is} 22. gxf5 Kxh6 23. fxg6 f5 $17) (22. Rh1 $1 $14 Bxd3 23. Qxd3) 22... Bxd3 23. Qxd3 Nc4 24. g5 {Qh3 is the strong threat.} fxg5 (24... Nd6 $11) 25. fxg5 $14 {Hoping for b3.} Rf8 ({Black should play} 25... Qd8 $14) 26. Qh3 $16 {White threatens Rh7+ and mate.} Rxf2 27. Rh7+ Kf8 28. Qh6+ {[%mdl 64] Double Attack} Ke8 29. Qxg6+ Kd8 30. Qg8+ Rf8 {[#] ( -> ...Qf4+)} 31. Rxd7+ $1 {[%mdl 576] Remove Defender} Qxd7 32. Qxf8+ Qe8 33. Qxe8+ ({Better is} 33. Qf2 $16) 33... Kxe8 {[%mdl 4096] Endgame KN-KN} 34. b3 (34. Ne2 $1 $14) 34... Nd6 $11 35. Kd2 Kf7 36. Ke3 Kg6 (36... Nf5+ $1 $11 {keeps the balance.} 37. Kd3 Kg6) 37. Kf4 $16 Nf7 38. Ne2 b6 (38... a6 $16) 39. c4 $18 dxc4 40. bxc4 Nd6 41. c5 (41. d5 $16 c5 42. Nc3) 41... Nb7 {Av CentiPawn Loss W=-13/B=-16. Weighted=-12/-21} (41... bxc5 $14 42. dxc5 Nb7) 1-0

[Event "42nd Arco Festival 2020"]
[Site "Arco"]
[Date "2020.10.17"]
[Round "8.18"]
[White "Buglisi, Massimo"]
[Black "Lezzerini, Marco"]
[Result "1/2-1/2"]
[WhiteElo "1918"]
[BlackElo "2122"]
[Annotator "TA"]
[PlyCount "110"]
[EventDate "2020.10.10"]
[EventType "swiss"]
[EventCountry "ITA"]
[SourceTitle "playchess.com"]
[Source "ChessBase"]
[SourceQuality "1"]

{[%evp 11,110,0,16,8,26,28,28,29,22,32,27,29,41,43,39,22,31,20,34,0,0,0,45,0,1,0,0,0,28,-14,-12,-37,-35,-37,-47,-36,-12,0,0,0,0,0,122,114,122,-22,-19,-93,-94,-112,-42,-30,27,18,21,22,26,35,43,0,38,0,73,0,0,0,0,0,0,-67,-58,-82,-62,-93,-77,-70,-49,-39,-39,-38,0,-86,-62,-60,-6,-114,-116,-121,-116,-194,-193,-102,0,0,0,0,0,0,0,0,0]} 1. e4 e6 2. d3 c5 3. Nf3 Nc6 4. g3 Nf6 5. Bg2 Be7 6. O-O O-O 7. e5 {B40: Sicilian: 2...e6, Unusual lines.} Ng4 8. Qe2 f6 9. exf6 {White has an edge.} Nxf6 {[#]} 10. c3 $146 ({Predecessor:} 10. Bf4 d6 11. c3 e5 12. Bd2 Bg4 13. h3 Bd7 14. Na3 h6 15. Nc2 Bf5 16. g4 {1-0 (58) Vogt,L-Moehring,G Goerlitz 1972}) 10... d5 11. Bf4 Bd6 12. Bxd6 Qxd6 13. Re1 Bd7 14. Nbd2 Rae8 15. Ne5 Nxe5 $1 16. Qxe5 Qa6 17. Qe2 e5 18. c4 Bf5 19. h3 d4 20. g4 Bg6 21. Ne4 Nxe4 22. Bxe4 Bxe4 23. Qxe4 Qh6 (23... Qf6 $5 {[%cal Rf6f2]} 24. Re2 Qf3 25. Qd5+ Rf7 26. Qxf3 Rxf3 $15) 24. Kg2 Rf4 25. Qd5+ ({Wrong is} 25. Qxb7 $2 Ref8 $19) 25... Kh8 {Hoping for ...Ref8.} 26. Rxe5 Ref8 (26... Rxf2+ $1 $11 27. Kxf2 Qf4+ {[%mdl 64] Double Attack} 28. Kg2 Qxe5 29. Qxe5 Rxe5) 27. Rf1 $16 Qg6 28. Re4 ({Don't take} 28. Qxb7 $6 Qf6 $14) (28. f3 $1 $16) 28... Rf3 $11 29. Qxc5 (29. Re7 $11 {remains equal.}) 29... Qh6 $36 {[%mdl 2048] Keeping White busy.} 30. Qh5 {aiming for Qxh6.} Qf6 (30... Qd2 $1 $17 {[%cal Rf3f2]} 31. Re8 Rxf2+ 32. Rxf2 Qxf2+ 33. Kh1 Qf3+ 34. Kg1 Qf2+ 35. Kh1 Qf3+ 36. Kg1 Qf1+ 37. Kh2 Qf4+ 38. Kh1 Qf1+ 39. Kh2 Qf2+ 40. Kh1) 31. Re2 $1 $15 Rxd3 (31... g5 $142 $1) 32. f4 $11 Re3 33. Rxe3 dxe3 {[%mdl 4096] Endgame KQR-KQR} 34. Qe5 {Threatens to win with Qxf6.} Qc6+ 35. Qd5 {And now Qxc6 would win.} Qa4 (35... Qf6 $5 {[%cal Re3e2]} 36. Qe5 Qc6+ 37. Kg3 Re8 $11) 36. Kf3 Qxa2 (36... Qc2 $11 37. Kg3 Re8) 37. Qe5 (37. Qb5 $1 $16) 37... Qxc4 38. Re1 Qc6+ 39. Qe4 Qb5 40. Qxe3 (40. Qd4 $1 $11) 40... Qxb2 $15 {...Qh2 is the strong threat.} 41. Re2 Qa1 42. Re1 Qa4 43. f5 h6 44. Qe7 Qb3+ 45. Re3 Qf7 (45... Qd1+ {feels hotter.} 46. Kf2 Qd2+ 47. Kf3 Qd5+ 48. Kg3 Kg8) 46. Qe5 (46. Qxf7 $11 Rxf7 47. Kf4) 46... a6 {[%cal Ba7a6,Ba6a5][%mdl 32]} 47. Kg3 b5 ({Black should play} 47... Qd7 $15) 48. Qc5 (48. Qd6 $1 $11 {keeps the balance.}) 48... Re8 $1 $17 49. Rxe8+ Qxe8 {KQ-KQ} 50. Qd6 {[#]} (50. Kf2 $17) 50... a5 $1 $19 51. f6 {[#]} (51. Kh2 $19) 51... Qe3+ ({Better is} 51... gxf6 $1 $17 {Strongly threatening ...Qe5+.} 52. Qxf6+ Kh7) 52. Kg2 $11 {The position is equal.} Qe2+ 53. Kg3 Qe3+ 54. Kg2 {Intending Qf8+ and mate.} Qe4+ 55. Kg3 {Qf8+ would kill now.} Qe3+ {Av CentiPawn Loss W=-16/B=-16. Weighted=-18/-14} 1/2-1/2

[Event "42nd Arco Festival 2020"]
[Site "Arco"]
[Date "2020.10.18"]
[Round "9.1"]
[White "Podetti, Davide"]
[Black "Moroni, Luca Jr"]
[Result "1/2-1/2"]
[WhiteElo "2190"]
[BlackElo "2551"]
[Annotator "TA"]
[PlyCount "40"]
[EventDate "2020.10.10"]
[EventType "swiss"]
[EventCountry "ITA"]
[SourceTitle "playchess.com"]
[Source "ChessBase"]
[SourceQuality "1"]

{[%evp 14,40,33,29,31,27,23,27,36,32,57,63,51,74,94,47,50,23,21,16,32,29,24,8,27,0,0,0,0]} 1. e4 e5 2. Nf3 Nc6 3. Bb5 a6 4. Ba4 d6 5. O-O Bd7 6. c3 g6 $1 {6...g6 is better than 6...Nge7.} 7. h3 Bg7 8. d4 Nf6 {C76: Ruy Lopez: Deferred Steinitz: 5 c3 Bd7 6 d4 g6.} 9. Re1 O-O 10. Bc2 Nh5 {White has an edge.} 11. Be3 h6 12. Nbd2 {[%cal Bb1d2,Bd2f1,Bf1h2][%mdl 32]} Qf6 13. Nf1 Rad8 {[#]} 14. N1h2 $146 ({Predecessor:} 14. Kh2 Nf4 15. d5 Nb8 16. Ng1 Qe7 17. g3 Nh5 18. Qd2 Kh7 19. g4 Nf6 20. f3 {0-1 (66) Kofman,A-Nikolaevsky,Y Kiev 1960}) 14... Nf4 15. Qd2 g5 16. Kh1 Bc8 17. Rad1 Rfe8 18. Qc1 Kh8 19. dxe5 dxe5 20. Rxd8 Rxd8 {Av CentiPawn Loss W=-8/B=-5. Weighted=-8/-5} 1/2-1/2

[Event "42nd Arco Festival 2020"]
[Site "Arco"]
[Date "2020.10.18"]
[Round "9.2"]
[White "Siebrecht, Sebastian"]
[Black "Mantovani, Renzo"]
[Result "1-0"]
[WhiteElo "2416"]
[BlackElo "2294"]
[Annotator "TA"]
[PlyCount "71"]
[EventDate "2020.10.10"]
[EventType "swiss"]
[EventCountry "ITA"]
[SourceTitle "playchess.com"]
[Source "ChessBase"]
[SourceQuality "1"]

{[%evp 19,71,18,23,-11,-10,-33,-20,-32,-22,-27,-19,-46,-11,-55,0,0,0,0,0,-14,21,5,24,24,19,25,43,54,67,77,66,62,85,99,123,137,360,339,372,359,368,370,367,343,393,393,1146,1146,1040,1011,945,945,1046,1036]} 1. d4 Nf6 2. Nf3 e6 3. c4 b6 4. g3 Bb7 5. Bg2 Bb4+ 6. Bd2 Bxd2+ 7. Qxd2 O-O 8. Nc3 d6 9. O-O Ne4 10. Nxe4 Bxe4 11. d5 {E16: Queen's Indian: 4 g3 Bb7 5 Bg2 Bb4+.} e5 12. Qe3 {[#]} f5 $146 ({Predecessor:} 12... Bxf3 13. Qxf3 f5 14. Bh3 Qg5 15. e3 Nd7 16. e4 g6 17. Qe2 Qh6 18. Kg2 Rf6 {1-0 (35) Wimmer,H (2242)-Wawrinsky,L (1916) Bergen 2005}) 13. Ng5 {[#] Hoping for Ne6.The position is equal.} f4 14. Qxe4 {[%csl Gg5][%cal Re4h7]} Qxg5 15. Bh3 a5 16. Qc2 Qe7 ({Black should try} 16... Na6 $15) 17. b3 Nd7 18. a3 Kh8 19. b4 g5 20. Rac1 axb4 21. axb4 Nf6 22. Be6 c5 23. Rb1 {[%cal Bc1b1,Bb1b6,Bb6c6][%mdl 32]} Kg7 24. bxc5 bxc5 25. Rb6 Rfb8 26. Rfb1 Qc7 27. Rc6 Qd8 $2 {This move loses the game for Black.} (27... Qe7 $16 28. Qf5 h6) 28. Rxb8 $18 Rxb8 29. Qf5 h6 30. h4 gxh4 31. gxf4 e4 32. Qh3 Qe8 $2 (32... Nh7 33. Qg4+ Kh8) 33. Rc7+ {White is clearly winning.} Kh8 34. Qf5 {[%cal Rf5f6] [#]} Qf8 35. Qg6 e3 36. fxe3 {Av CentiPawn Loss W=-8/B=-49. Weighted=-8/-110} 1-0

[Event "42nd Arco Festival 2020"]
[Site "Arco"]
[Date "2020.10.18"]
[Round "9.3"]
[White "Rozman, Monika"]
[Black "Perman, Sergey"]
[Result "1/2-1/2"]
[WhiteElo "2129"]
[BlackElo "2154"]
[Annotator "TA"]
[PlyCount "47"]
[EventDate "2020.10.10"]
[EventType "swiss"]
[EventCountry "ITA"]
[SourceTitle "playchess.com"]
[Source "ChessBase"]
[SourceQuality "1"]

{[%evp 20,47,25,13,16,4,3,0,0,0,0,0,6,0,0,-10,-3,-14,-7,0,0,-39,-33,-41,-16,-12,-12,-25,-10,-13]} 1. e4 c5 2. Nf3 g6 3. d4 cxd4 4. Nxd4 Bg7 5. Nc3 Nc6 6. Be3 Nf6 7. Bc4 d6 8. h3 O-O 9. Bb3 Bd7 10. O-O a6 11. Re1 b5 {B72: Sicilian Dragon: 6 Be3, lines with h3+Bc4 and sidelines.} 12. Nd5 Nxd5 {[#]} (12... Ne5 {with more complications.} 13. c3 Nc4 14. Nxf6+ Bxf6 15. Bh6 Re8) 13. Bxd5 $146 ({Predecessor:} 13. exd5 Nxd4 14. Bxd4 Bxd4 15. Qxd4 a5 16. a4 bxa4 17. Bxa4 e5 18. dxe6 Bxe6 19. Red1 Rb8 20. c4 Qb6 21. b3 Qxd4 22. Rxd4 Rfd8 23. Rad1 Rb4 24. Rxd6 {½-½ (24) Dolana,A (2346)-Salim,R (2153) Calimanesti Caciulata 2016}) 13... Rc8 14. Nxc6 Bxc6 15. c3 Qc7 16. Qd2 Rfd8 17. Bg5 Rd7 18. Rad1 e6 19. Bxc6 Qxc6 20. e5 {[%cal Re5d6]} d5 21. Bf6 Qb6 22. Bxg7 Kxg7 23. h4 h5 24. Qf4 {Av CentiPawn Loss W=-6/B=-5. Weighted=-6/-6} 1/2-1/2

[Event "42nd Arco Festival 2020"]
[Site "Arco"]
[Date "2020.10.18"]
[Round "9.4"]
[White "Calavalle, Giulio"]
[Black "Romanishin, Oleg M"]
[Result "0-1"]
[WhiteElo "2229"]
[BlackElo "2403"]
[Annotator "TA"]
[PlyCount "38"]
[EventDate "2020.10.10"]
[EventType "swiss"]
[EventCountry "ITA"]
[SourceTitle "playchess.com"]
[Source "ChessBase"]
[SourceQuality "1"]

{[%evp 11,38,0,18,13,18,7,13,19,11,-14,-8,-70,-77,-590,-583,-869,-865,-1198,-1191,-1111,-1144,-1465,-1463,-1441,-1435,-1375,-1295,-29993,-166]} 1. e4 e5 2. Nf3 Nc6 3. d4 exd4 4. Nxd4 Bc5 5. Nb3 Bb6 6. Nc3 Nf6 7. Qe2 {C45: Scotch Game.} O-O 8. Be3 $1 d5 {[#] White must now prevent ...Bg4.} 9. O-O-O $1 {[%cal Rc3d5] The position is equal.} d4 10. f3 Be6 {...Bxb3 is the strong threat.} 11. Bf2 {[#]} (11. Bg5 $11) 11... Ng4 $1 $36 {[%mdl 2560] [#] White is under strong pressure.} 12. Nd5 $146 {[%mdl 8192]} (12. fxg4 $17 {keeps fishing.} Qg5+ {[%mdl 64] Double Attack} 13. Qd2 Qxd2+ 14. Rxd2 dxc3 15. bxc3) ({Predecessor:} 12. fxg4 Qg5+ 13. Qd2 Qxd2+ 14. Rxd2 dxc3 15. bxc3 Bxf2 16. Rxf2 Bxg4 17. Nc5 Ne5 18. Nxb7 {½-½ (34) Nezar,M (2396)-Szabo,K (2545) Haguenau 2013}) 12... d3 $19 13. cxd3 Nxf2 14. Nxb6 axb6 15. Qxf2 Rxa2 16. Qc2 Bxb3 17. Qxb3 Ra1+ 18. Kd2 Qg5+ 19. Ke1 Qe3+ {White got outplayed after the opening. Av CentiPawn Loss W=-183/B=-82. Weighted=-133/-102} 0-1